000 00796nam a2200229Ia 4500
003 GCL
008 140319s9999 xx 000 0 ara d
040 _aGCL /
_cGCL
082 0 4 _aق
_b320.9
_bم م
100 1 _aمحمد حسنين هيكل
245 1 0 _aمصر والقرن الواحد والعشرون :
_bورقة فى حوار /
_cمحمد حسنين هيكل
250 _aالثانية
260 _aالقاهرة :
_bدار الشروق ،
_c1995
300 _a55 ص ؛
_c24 سم
490 _aمجسمات الفنان الصغير
_v0
650 0 4 _aمصر
650 0 4 _aالاحوال الاجتماعية
650 0 4 _aالاحوال السياسية
650 0 4 _aالاحوال الاقتصادية
650 0 4 _aالتنمية الاقتصادية
942 _2ddc
_cBK
999 _c40947
_d40947